Historia de la música moderna 1850-1914: los hombres, las ideas, las obras
Đã lưu trong:
| Tác giả chính: | |
|---|---|
| Định dạng: | Sách |
| Ngôn ngữ: | Tiếng Tây Ban Nha |
| Được phát hành: |
Barcelona
Sociedad General de Publicaciones
1950
|
| Những chủ đề: | |
| Các nhãn: |
Thêm thẻ
Không có thẻ, Là người đầu tiên thẻ bản ghi này!
|
MARC
| LEADER | 00000nam a2200000 a 4500 | ||
|---|---|---|---|
| 001 | UCN1642 | ||
| 003 | CL-VaPUC | ||
| 005 | 20231110124735.0 | ||
| 008 | 010427e19500000SP |||||||||||||||||spa|d | ||
| 999 | |c 294893 |d 294891 | ||
| 040 | |c Pontificia Universidad Católica de Valparaíso | ||
| 082 | 0 | 4 | |a 780.9 MAU 1950 |2 21 |
| 100 | |a Mauclair, Camille |e autor |9 573123 | ||
| 245 | 1 | 0 | |a Historia de la música moderna 1850-1914: los hombres, las ideas, las obras |
| 260 | |a Barcelona |b Sociedad General de Publicaciones |c 1950 | ||
| 300 | |a 246 p | ||
| 583 | |a last modification |c 20010427 00:00:00 |k Rodrigo Vera | ||
| 600 | 0 | |a Wagner, Wilhelm Richard |d 1813-1883 |9 265759 | |
| 600 | 1 | 7 | |a Franck, César |9 606830 |d 1822-1890 |e Compositor |q Franck, César-Auguste-Jean-Guillaume-Hubert |
| 600 | 0 | |a Wolf, Hugo |9 306698 | |
| 600 | 1 | 7 | |a Bruckner, Anton |9 606676 |d 1824-1896 |e Compositor |q Bruckner, Josef Anton |
| 600 | 1 | 7 | |a Mahler, Gustav |9 606715 |d 1860-1911 |e Compositor |
| 600 | 0 | |a Smetana, Federico |2 CL-VaPUC |9 349682 |d 1824-1884 | |
| 600 | 0 | |a Glinka, Mikhail Ivanovick |2 CL-VaPUC |9 306581 |d 1804-1857 | |
| 600 | 1 | 7 | |a Verdi, Giuseppe |9 606581 |d 1813-1901 |e Compositor |q Verdi, Giuseppe Fortunino Francesco |
| 600 | 0 | |a Mussorgsky, Modest Petrovich |2 CL-VaPUC |9 306353 |d 1839-1881 | |
| 600 | 0 | |a Liszt, Franz, |d 1811-1886 |9 614058 | |
| 650 | 0 | |a Música moderna |2 CL-VaPUC |9 349683 | |
| 650 | 0 | |a Música clásica |9 349684 | |
| 650 | 0 | |a Historia de la música |9 306741 | |
| 650 | 0 | |a Biografías |9 255210 | |
| 650 | 0 | |a Compositores |9 306451 | |
| 942 | |c BK |2 ddc | ||
| 945 | |d 20010427 00:00:00 |a crobeson | ||
| 952 | |0 0 |1 0 |2 ddc |4 0 |6 780_900000000000000_MAU_1950 |7 0 |8 A |9 347641 |a BIBEDU |b BIBEDU |d 2019-11-20 |i 1181076 |o 780.9 MAU 1950 |p 1181076 |r 2022-01-17 |w 2019-11-20 |y BK |k MUS | ||